000 01302nmc a2200385 a 4500
003 AR-BaBNM
005 20251128205239.0
008 011101s1986 ||||||||||||||000 | spa||
040 _cAR-BaBNM
245 1 0 _aEducar con el pueblo desde su cultura
260 _aBuenos Aires
_bDocencia
_c1986
300 0 _a133 p.
490 0 _aCongreso Pedagógico. Compromiso y creatividad
_vv. 22
500 0 _aEste libro contiene algunas de las presentaciones que se realizaron en el V Congreso Nacional de Educación Católica realizado por el CONSUDEC: Consejo Superior de Educación Católica
610 2 4 _aConsejo Superior de Educación Católica [Argentina]
650 4 _aIGLESIA Y EDUCACION
650 4 _aCULTURA
650 4 _aCONDICIONES CULTURALES
650 4 _aNACIONALISMO CULTURAL
650 4 _aIGLESIA Y ESTADO
650 4 _aLIBERTAD RELIGIOSA
650 4 _aDERECHO ECLESIASTICO
650 4 _aDOCTRINAS RELIGIOSAS
651 4 _aArgentina
700 1 _aBianchi di Cárcano, Emilio
700 1 _aMonserrat, Marcelo
700 1 _aFarrell, Gerardo
700 1 _aKarlic, Estalisnao E.
700 1 _aRisco Fernández, Gaspar
700 1 _aImaz, José Luis de
700 1 _aKomar, Emilio
800 1 _aGómez de Mier, Eugenio
_ecoordinador
942 _cBK
998 _cSILVI
999 _c10583
_d10583